000 01101cam a22002532 4500
001 35514
003 BD-RjUL
005 20211209052332.0
008 140526s1960 si ak b 000 0 eng
035 _a(BD-RjUL)35608
040 _aDLC
_cWSU
_dOCL
_dSER
_dOCL
_dUKM
_dEQO
_bBD-RjUL
082 _a309.15952
_bKAU 1960
100 1 _aKaye, Barrington.
_9108132
245 1 0 _aUpper Nankin Street, Singapore :
_ba sociological study of Chinese households living in a densely populated area.
260 _aSingapore :
_bUniversity of Malaya Press,
_c1960.
300 _axvi, 439 p. :
_billus., forms, tables. ;
_c23 cm.
500 _a"[This report embodies the results of eighteen months' research undertaken as a social research fellow in the University of Malaya, 1954-6; it was originally submitted, in a mimeographed version, to the Social Research Committee of the university in April 1956."
504 _aBibliography: p. [410]-411.
650 0 _aChinese
_zSingapore.
_9108133
651 0 _aSingapore
_xSocial conditions.
_9108134
942 _2ddc
_cBK
999 _c35514
_d35514